00551nam a2200181Ia 4500003000900000008004100009020001800050040001600068080002300084245007600107260003700183300001400220490005100234650003000285650001400315650001800329700002200347IN-BaIIA211028s9999 xx 000 0 eng d a0-7923-7172-0 cIIA Library a52(082.1)bASS-266 0aOrganizations and strategies in astronomybvol. 2cedited by Andre Heck aDordrechtbKluwer Academicc2001 aix, 280p. aAstrophysics and space science library; v. 266 aAstronomy: Scientometrics aCosmology aSpace science aHeck, Andre., ed.